MARC детайли
| 000 -Лидер |
| Контролно поле с фиксирана дължина |
02021nam a2200433 a 4500 |
| 003 - Код на организацията, давaща контролен номер |
| Контролно поле |
BLK |
| 005 - Дата и час на последна редакция |
| Контролно поле |
20250709173433.0 |
| 008 - Елементи от данни с фиксирана дължина |
| fixed length control field |
180411b bul|||||r ||||||| ||bul|| |
| 010 ## - Наследен системен номер |
| LC control number |
KNG00214181000 |
| 020 ## - Международен стандартен номер на книга ISBN |
| Международен стандартен номер на книга ISBN |
978-619-229-003-0 |
| 020 ## - Международен стандартен номер на книга ISBN |
| Международен стандартен номер на книга ISBN |
978-619-229-004-7 |
| 040 ## - Източник на каталожния запис |
| Идентификатор на билиотеката - собственик на записа |
BLK |
| 041 ## - Код за език |
| Код за езика на текст/звукозапис или на отделно заглавие |
Български |
| Код за езика КДБФ |
Български |
| 080 ## - УДК |
| Текстов определител УДК |
Българска литература |
| УДК код - определител по УДК |
821.163.2 |
| УДК определител |
-94 |
| УДК - код + определител |
821.163.2-94 |
| 080 ## - УДК |
| Текстов определител УДК |
Други видове песни. - Естрада, джаз. Стари градски. Рок-и попмузика. Чалга(поп-фолк) |
| УДК код - определител по УДК |
784.7 |
| УДК определител |
.071(497.2)(092)(0:82-9) |
| УДК - код + определител |
784.7.071(497.2)(092)(0:82-9) |
| 080 ## - УДК |
| Текстов определител УДК |
Криско. Български певец-изпълнител, музикален продуцент и автор на песни |
| УДК код - определител по УДК |
929 Талев, Кристиян Радославов |
| УДК - код + определител |
929 Талев, Кристиян Радославов |
| 100 ## - Редна дума - Автор |
| Автор |
Талев, Кристиан Радославов |
| Авторска отговорност |
първи автор |
| R(LIN) |
386536 |
| 139 ## - Редно поле |
| Редна дума |
Талев, Кристиан Радославов |
| Авторски знак |
Тал - Т 25 |
| 245 10 - Сведения за заглавието |
| Заглавие |
Пътят нагоре |
| Редно поле (дума) |
Криско. |
| 257 ## - Страна на издаване |
| Страна на създаване/издаване |
България |
| 260 ## - Област на издателските данни |
| Място на издаване, разпространение и проч. |
София |
| Име на издателя, разпространителя и проч. |
БГкнига |
| Година на издаване |
2017 |
| Печатница |
Munchen : HP Media |
| 300 ## - Физическа характеристика |
| Страници |
160 с. |
| Илюстрации и др. |
със сн. |
| Размери/Мащаб |
23 см |
| 380 ## - Жанр |
| Жанр |
Худож. лит. |
| 500 ## - Общи забележки |
| Забележка |
Кор. загл. Криско. Пътят нагоре. |
| 650 #4 - Допълнително описание по предмет – тема |
| Основно описание – тема или топоним |
Криско |
| 9 (RLIN) |
84238 |
| 650 #4 - Допълнително описание по предмет – тема |
| Основно описание – тема или топоним |
Музиканти, български - мемоари, спомени, интервюта |
| 9 (RLIN) |
255674 |
| 650 #4 - Допълнително описание по предмет – тема |
| Основно описание – тема или топоним |
Певци, български |
| 9 (RLIN) |
262635 |
| 651 #4 - Допълнително описание по предмет - топоним |
| Географско понятие |
България |
| 9 (RLIN) |
241624 |
| 653 ## - Ключова дума – ненормативна |
| Ключова дума |
Криско |
| 653 ## - Ключова дума – ненормативна |
| Ключова дума |
български певци |
| 653 ## - Ключова дума – ненормативна |
| Ключова дума |
български музиканти |
| 653 ## - Ключова дума – ненормативна |
| Ключова дума |
автобиографии |
| 659 ## - Тематичен бюлетин |
| Тематичен бюлетин |
Н |
| 852 ## - Местоположение |
| Форматна сигнатура |
Цб 313569 |
| Фондова буква |
Хранилище |
| 852 ## - Местоположение |
| Фондова буква |
Заемна - подръчен фонд |
| Систематично-азбучна сигнатура |
821.163.2-9/Т 25 К |
| 999 ## - СИСТЕМНИ КОНТРОЛНИ НОМЕРА |
| Koha biblionumber |
204615 |
| Koha biblioitemnumber |
204615 |
| 942 ## - АРТИКУЛИ |
| Вид на библиотечния материал |
Книги |
| Скрит в OPAC |
Не |
| Koha issues (borrowed), all copies |
30 |
| Периодичен библиозапис |
Да |
| 944 ## - СЪЗДАВАНЕ И РЕДАКЦИЯ на ЗАПИСА |
| Създаване/Редакция |
Създаване |
| Дата на регистрацията/редакция |
15.11.2017 |
| Статус, дата на статуса |
Цветомила Тодорова |
| Служител, извършил регистрацията/редакцията |
30576 |
| 944 ## - СЪЗДАВАНЕ И РЕДАКЦИЯ на ЗАПИСА |
| Създаване/Редакция |
Редакция |
| Дата на регистрацията/редакция |
29.11.2017 |
| Статус, дата на статуса |
ф / |
| Служител, извършил регистрацията/редакцията |
Людмила_Стоянова |